Pojistná matematika : teorie a praxe /
Salvato in:
| Autore principale: | |
|---|---|
| Natura: | Libro |
| Lingua: | ceco |
| Pubblicazione: |
Praha
Ekopress
2006
|
| Edizione: | 2. aktual. vyd. |
| Soggetti: | |
| Tags: |
Nessun Tag, puoi essere il primo ad aggiungerne!!
|
MARC
| LEADER | 00000nam a22000003a 4500 | ||
|---|---|---|---|
| 001 | 0092399 | ||
| 003 | SK-STU | ||
| 005 | 20211214101455.7 | ||
| 007 | ta | ||
| 008 | 211214s ----xo-----e------000-0-----d | ||
| 020 | |a 80-86929-11-6 | ||
| 040 | |a STU |b slo | ||
| 041 | 0 | |a cze | |
| 044 | |a xr | ||
| 100 | 1 | |a Cipra, Tomáš |4 aut | |
| 245 | 1 | 0 | |a Pojistná matematika : |b teorie a praxe / |c aut. Tomáš Cipra |
| 250 | |a 2. aktual. vyd. | ||
| 260 | |a Praha |b Ekopress |c 2006 | ||
| 300 | |a 411 s. | ||
| 650 | 0 | 7 | |a poistná matematika |
| 996 | |b 284M088973 |c M* 14577-1 |l MMST |s A |a 24 |w 0092399_0001 | ||